<?xml version="1.0" encoding="UTF-8"?>
<collection xmlns="http://www.loc.gov/MARC21/slim">
 <record>
  <leader>00781pamaa2200181   4500</leader>
  <controlfield tag="001">0000017817</controlfield>
  <controlfield tag="005">20060524090000.0</controlfield>
  <datafield tag="020" ind1="0" ind2="0">
   <subfield code="a">0863161316 (pbk) </subfield>
  </datafield>
  <datafield tag="082" ind1=" " ind2=" ">
   <subfield code="a">959.9046 PEO 1986</subfield>
  </datafield>
  <datafield tag="090" ind1="0" ind2="0">
   <subfield code="a">DS686.62 </subfield>
   <subfield code="b">PEO 1986</subfield>
  </datafield>
  <datafield tag="245" ind1="0" ind2="0">
   <subfield code="a">People power : </subfield>
   <subfield code="b">the Philippine revolution of 1986 : an eyewitness history  </subfield>
   <subfield code="c">edited Monina Allarey Mercado ; preface and scenarios by Francisco S. Tatad.</subfield>
  </datafield>
  <datafield tag="260" ind1="0" ind2="0">
   <subfield code="a">Manila: </subfield>
   <subfield code="b">James B. Reuter, S.J., Foundation, </subfield>
   <subfield code="c">1986.</subfield>
  </datafield>
  <datafield tag="300" ind1=" " ind2=" ">
   <subfield code="a">320p.: </subfield>
   <subfield code="b">ill.; </subfield>
   <subfield code="c">29cm.</subfield>
  </datafield>
  <datafield tag="500" ind1="0" ind2="0">
   <subfield code="a">&quot;Produced under a grant by the PCIBANK Human Resources Development Foundation (Philippines).&quot;</subfield>
  </datafield>
  <datafield tag="651" ind1="0" ind2="0">
   <subfield code="a">Philippines -- </subfield>
   <subfield code="x">History -- </subfield>
   <subfield code="x">Revolution -- </subfield>
   <subfield code="x">1986 -- </subfield>
   <subfield code="x">Personal narratives </subfield>
  </datafield>
  <datafield tag="700" ind1="1" ind2="1">
   <subfield code="a">Mercado, </subfield>
   <subfield code="h">Monina Allarey </subfield>
  </datafield>
  <datafield tag="700" ind1="1" ind2="1">
   <subfield code="a">Tatad, </subfield>
   <subfield code="h">Francisco S. </subfield>
  </datafield>
  <datafield tag="740" ind1="0" ind2="0">
   <subfield code="a">Eyewitness history</subfield>
  </datafield>
 </record>
</collection>
